| 000 | 00380nam a2200109Ia 4500 | ||
|---|---|---|---|
| 008 | 160909s9999 xx 000 0 und d | ||
| 100 | _aSoule, Ralph Thomas | ||
| 245 | 4 | _aThe Learning Experience of Tough Cases: A Descriptive Case Study | |
| 260 |
_bThe George Washington University. _c2016 |
||
| 650 | _aNursing | ||
| 856 | _uhttp://pqdtopen.proquest.com/doc/1751007250.html?FMT=ABS | ||
| 999 |
_c303931 _d303931 |
||